Κατάλογος Βιβλιοθηκών Mediterranean College

Επιχειρησιακή Στατιστική / Θεωρία - Ασκήσεις - Εφαρμογές (Record no. 4341)

MARC details
000 -LEADER
fixed length control field 01879cam a22001814a 4500
005 - ΗΜΕΡΟΜΗΝΙΑ ΚΑΙ ΩΡΑ ΤΕΛΕΥΤΑΙΑΣ ΕΝΗΜΕΡΩΣΗΣ
Πεδίο ελέγχου 20250605164143.0
008 - FIXED-LENGTH DATA ELEMENTS--GENERAL INFORMATION
Πεδίο ελέγχου σταθερού μήκους 250528s ||||||||||||||||||||||||d
035 ## - SYSTEM CONTROL NUMBER
System control number 19058
040 ## - ΠΗΓΗ ΚΑΤΑΛΟΓΟΓΡΑΦΗΣΗΣ
Φορέας πρωτότυπης καταλογογράφησης MC Athens Campus Library
Γλώσσα καταλογογράφησης Ελληνικά, Μοντέρνα (1453-)
Modifying agency MC Athens Campus Library
Κανόνες περιγραφικής καταλογογράφησης AACR2
245 1# - ΤΙΤΛΟΣ ΚΑΙ ΔΗΛΩΣΗ ΥΠΕΥΘΥΝΟΤΗΤΑΣ
Τίτλος Επιχειρησιακή Στατιστική / Θεωρία - Ασκήσεις - Εφαρμογές
260 ## - PUBLICATION, DISTRIBUTION, ETC.
Name of publisher, distributor, etc. Σταμούλης Α,
Date of publication, distribution, etc. 1996
300 ## - PHYSICAL DESCRIPTION
Extent 432
520 ## - SUMMARY, ETC.
Summary, etc. Πρόλογος, Περιγραφική Στατιστική, Εισαγωγή, Στατιστικά Στοιχεία: Συλλογή Οργάνωση και Παρουσίαση, Στατιστικός Πληθυσμός και Κατανομή Συχνότητας, Στατιστικά Μέτρα Συμπύκνωσης των Δεδομένων: Παράμετροι Τάσης και Θέσης Διασποράς και Ασυμμετρίας και Κύρτωσης, Αριθμοδείκτες, Θεωρία Πιθανοτήτων, Οι Έννοιες της Πιθανότητας και Βασικές της Ιδιότητες, Τυχαίες Μεταβλητές και Κατανομές Πιθανότητας, Η Σχέση μεταξύ Δύο Τυχαίων Μεταβλητών, Θεωρητικά Στατιστικά Πρότυπα: Βασικές Διάκριτες και Συνεχείς Θεωρητικές Κατανομές Πιθανοτήτων, Επαγωγική Στατιστική, Δειγματοληψία και Κατανομές Δειγματοληψίας, Εκτίμηση Σημείου ή Διαστήματος Εμπιστοσύνης Πληθυσμιακών Παραμέτρων, Έλεγχος Υποθέσεων, Παράρτημα: Στατιστικοί Πίνακες, Βιβλιογραφία.
700 1# - ΠΡΟΣΘΕΤΗ ΑΝΑΓΡΑΦΗ--ΦΥΣΙΚΟ ΠΡΟΣΩΠΟ
Personal name Θαλασσινός Λευτέρης
9 (RLIN) 3323
942 ## - ADDED ENTRY ELEMENTS (KOHA)
Koha item type Books
Holdings
Τύπος τεκμηρίου Βιβλιοθήκη Τρέχουσα τοποθεσία Barcode Αριθμός εισαγωγής Ημερομηνία απόκτησης Ταξιθετικό σύμβολο Αριθμός αντιτύπου Κατάσταση απόσυρσης Κατάσταση χαμένου Κατάσταση κατεστραμμένου Μη δανεισμός Σύνολο δανεισμών Ημερομηνία τελευταίας εμφάνισης Η τιμή ισχύει από
Books MC Athens Campus Library MC Athens Campus Library 9780000043405 3995 05/06/2025 519.535 THA 1           05/06/2025 05/06/2025

MC Athens Campus Library
Πατησίων 94 & Κοδριγκτώνος 13, 104 34
Πελλήνης 8 & Πατησίων 107, 112 51
Τ: +30 210 8899600

MC Thessaloniki Campus Library
Ίωνος Δραγούμη 21, 54625 | Ίωνος Δραγούμη 15, 54625
Τ: +30 2310 287779 – Τ: +30 2314 440300